|
|
|
|
| LEADER |
01206nam a2200349 4500 |
| 001 |
000004527 |
| 003 |
666 |
| 005 |
20120412100447.0 |
| 008 |
110721s1983 viesd |
| 020 |
|
|
|c 18000
|
| 041 |
1 |
|
|a vie
|
| 082 |
|
|
|a 843
|b DU-R
|
| 100 |
1 |
|
|a Đuyga, Rôgiê Máctanh
|
| 245 |
1 |
0 |
|a Gia đình Tibô
|b = Les Thibaulat
|c Rôgiê Máctanh Đuyga ; Lê Xuân Ninh, ... dịch ; Như Phong giới thiệu
|n Tập 2
|
| 260 |
|
|
|a H.
|b Văn học
|c 1983
|
| 300 |
|
|
|a 442 tr.
|c 19 cm.
|
| 490 |
|
|
|a Văn học hiện đại nước ngoài. Văn học Pháp
|
| 653 |
|
|
|a Văn học Pháp
|
| 653 |
|
|
|a Tiểu thuyết Pháp
|
| 700 |
1 |
|
|a Lê Xuân Ninh
|e dịch
|
| 773 |
|
|
|t Nhà văn Việt Nam
|w 482
|
| 910 |
|
|
|a Thi
|d 20/7/2011
|
| OWN |
|
|
|a LSP
|
| AVA |
|
|
|a UDN50
|b LSP
|d 843 DU-R
|e unavailable
|t Error 5002 Not defined in file expand_doc_bib_avail.
|f 2
|g 2
|h N
|i 0
|k 1
|
| 999 |
|
|
|a From the UDN01
|
| AVA |
|
|
|a UDN50
|b LSP
|d 843 DU-R
|e unavailable
|t Error 5002 Not defined in file expand_doc_bib_avail.
|f 2
|g 2
|h N
|i 0
|k 1
|
| TYP |
|
|
|a Monograph
|
| TYP |
|
|
|a Printed language
|
| 980 |
|
|
|a Mạng thư viện Đại học Đà Nẵng
|